| 000 | 01517cam a2200205 i 4500 | ||
|---|---|---|---|
| 005 | 20140520110348.0 | ||
| 008 | 781010s1978 ohuc b 010 0 eng | ||
| 020 | _a0872392082 | ||
| 245 | 0 | 0 |
_aEssays on New Testament Christianity : _ba Festschrift in honor of Dean E. Walker ;/ _cedited by C. Robert Wetzel. |
| 260 |
_aCincinnati : _bStandard Pub., _cc1978. |
||
| 300 |
_a151 p. : _bports. ; _c24 cm. |
||
| 504 | _aBibliography: p. 101-102. | ||
| 505 | 0 | _aThe New Testament church: Norris, F. W. Apostolic, Catholic, and sensible, the consensus fidelium. Fife, R. O. The worshiping congregation. Hayden, E. V. Paul and Timothy. Bartchy, S. Power, submission, and sexual identity among the early Christians.--New Testament studies: Nakarai, T. W. The Old Testament background of the New Testament. Stuckenbruck, E. R. The Spirit at Pentecost.--The Restoration movement: Richardson, W. J. Value judgments in history and the Restoration movement. Webb, H. E. Sectional conflict and schism within the Disciples of Christ following the Civil War. Van Buren, J. G. Isaac Errett's view of Biblical inspiration.--New Testament theology: Crowder, O. C. On the historicality of the Christ. Wetzel, C. R. The existence of God. | |
| 600 | 1 | 0 |
_aWalker, Dean E. _q(Dean Everest), _d1899-1988. |
| 610 | 2 | 0 |
_aDisciples of Christ _xHistory. |
| 630 | 0 | 0 |
_aBible. _pNew Testament _xCriticism, interpretation, etc. |
| 700 | 1 |
_aWalker, Dean E. _q(Dean Everest), _d1899-1988. |
|
| 700 | 1 |
_aWetzel, Charles Robert, _d1934- |
|
| 942 |
_2lcc _cBK |
||
| 999 |
_c36804 _d36804 |
||